| 000 | 01303nam a2200349 i 4500 | ||
|---|---|---|---|
| 001 | 13437 | ||
| 003 | KOSZ 005 | ||
| 005 | 20191214090757.0 | ||
| 008 | 081112s1950 pl g f 000 0 pol | ||
| 015 | _aPB 1950/4164 | ||
| 040 |
_aWA N _cWA N _dKOSZ 005/RW |
||
| 041 | 1 |
_apol _hrus |
|
| 080 | _a35 | ||
| 080 | _a335 | ||
| 100 | 1 |
_aLenin, Włodzimierz _d(1870-1924). _eAutor |
|
| 245 | 1 | 0 |
_aO usprawnieniu aparatu państwowego oraz o walce z biurokratyzmem i mitręgą w urzędowaniu : _blisty i notatki 1917-1922 / _cW .I. Lenin. |
| 260 |
_aWarszawa : _b"Książka i Wiedza", _c1950. |
||
| 300 |
_a107 stron ; _c21 cm. |
||
| 336 |
_aTekst _btxt _2rdacontent |
||
| 337 |
_aBez urządzenia pośredniczącego _bn _2rdamedia |
||
| 338 |
_aWolumin _bnc _2rdacarrier |
||
| 380 | _aKsiążki. | ||
| 490 | 1 | _aBiblioteka Klasyków Marksizmu-Leninizmu. | |
| 650 | 4 | _aInstytucje państwowe | |
| 658 | _aPolityka, politologia, administracja publiczna | ||
| 658 | _aHistoria | ||
| 650 | 4 | _aKomunizm | |
| 710 | 2 |
_aSpółdzielnia Wydawniczo-Handlowa "Książka i Wiedza" _4pbl. |
|
| 830 | 0 | _aBiblioteka Klasyków Marksizmu-Leninizmu. | |
| 856 |
_uhttp://koha.tu.koszalin.pl/cgi-bin/koha/opac-detail.pl?biblionumber=13437 _yKatalog online BPK |
||
| 942 |
_2UKD _cKS |
||
| 999 |
_c13437 _d13437 |
||